000 01013nam a2200265Ia 4500
003 OSt
005 20220930190147.0
006 a|||||r|||| 00| 0
007 ta
008 220926b |||||||| |||| 00| 0 hin d
020 _a9788189859466 (hbk)
_c395
024 _a1357
037 _bB281, 24/01/2009, Bharat Pustak Bhandar
_cTextbook
040 _aCRL
_cCRL
_bhin
041 _2hin
_ahin
082 _aO152,6N291x, P7
100 _aयादव, राजेन्द्र
245 0 _aकाश, मैं राष्ट्र - द्रोही होता
246 _aUgratārā
260 _aनई दिल्ली,
_bवाणी प्रकाशन, भारत
_c2007
300 _a316पृ0
_ccm.
700 _a कौर, बलवन्त, संपा.
942 _hO152,6N291x, P7
_cTB
_2CC
999 _c891688
_d891688